[Event "51 C.I.S. Promozione Veneto 2"]
[Site "?"]
[Date "2019.03.16"]
[Round "2.4"]
[White "Zonta, Riccardo"]
[Black "Pieropan, Giorgio"]
[Result "0-1"]
[WhiteElo "1539"]
[BlackElo "1792"]
[PlyCount "64"]
[EventDate "2019.??.??"]
[WhiteTeam "I Cavalli del Battinelli"]
[BlackTeam "Scacchi Berici 1"]

1. e4 e5 2. Nc3 Nc6 3. g3 Bc5 4. Bg2 d6 5. Nge2 Nf6 6. d3 Ng4 7. d4 exd4 8. Nd5
d3 9. cxd3 Nxf2 10. Qc2 Nxh1 11. Bxh1 Be6 12. Bf4 Bxd5 13. exd5 Bb4+ 14. Bd2
Bxd2+ 15. Qxd2 Ne5 16. O-O-O O-O 17. Nf4 Qg5 18. Be4 Ng6 19. Kb1 Nxf4 20. gxf4
Qh4 21. f5 Rae8 22. Re1 Re5 23. Rg1 Rxe4 24. dxe4 Qxe4+ 25. Ka1 Qxf5 26. Qc3
Qe5 27. Qd2 Re8 28. a3 g6 29. h4 Qe3 30. Qg2 Re5 31. Qg4 h5 32. Qc8+ Re8 0-1

[Event "51 C.I.S. Promozione Veneto 2"]
[Site "?"]
[Date "2019.03.16"]
[Round "2.1"]
[White "Scandiuzzi, Roberto"]
[Black "Bortolazzi, Michele"]
[Result "0-1"]
[WhiteElo "1303"]
[BlackElo "1889"]
[PlyCount "84"]
[EventDate "2019.??.??"]
[WhiteTeam "Micha Promozione"]
[BlackTeam "I Leoncini del Perezz"]

1. d4 Nf6 2. Nf3 b6 3. e3 Bb7 4. Be2 e6 5. O-O c5 6. c3 Be7 7. Nbd2 O-O 8. a3
Qc7 9. h3 d6 10. b4 e5 11. dxe5 dxe5 12. Qc2 cxb4 13. Bb2 Nbd7 14. Rfc1 bxa3
15. Bxa3 Bxa3 16. Rxa3 Bd5 17. c4 Bc6 18. Ng5 h6 19. Nge4 Nxe4 20. Nxe4 f5 21.
Nd2 Nc5 22. Bd1 Qe7 23. Bf3 e4 24. Bd1 f4 25. exf4 Rxf4 26. Re3 Qf6 27. Qc3
Rxf2 28. Qxf6 Rxf6 29. Bc2 Re8 30. Nb3 Nd3 31. Bxd3 exd3 32. Rxd3 Re2 33. Rg3
Rff2 34. Nd4 Rxg2+ 35. Rxg2 Rxg2+ 36. Kf1 Rg6 37. Nxc6 Rxc6 38. Ke2 Kf7 39.
Rf1+ Ke6 40. Rf4 Rc7 41. Re4+ Kd6 42. h4 Re7 0-1

[Event "51 C.I.S. Promozione Veneto 2"]
[Site "?"]
[Date "2019.03.16"]
[Round "2.2"]
[White "Cordioli, Luca"]
[Black "Schiavo, Pierluca"]
[Result "1-0"]
[WhiteElo "1814"]
[BlackElo "1440"]
[PlyCount "89"]
[EventDate "2019.??.??"]
[WhiteTeam "I Leoncini del Perezz"]
[BlackTeam "Micha Promozione"]

1. c4 c5 2. g3 Nf6 3. Bg2 e5 4. Nc3 d6 5. Nf3 g6 6. O-O Bg7 7. e3 O-O 8. d4 e4
9. Ng5 Bg4 10. Qd2 Nc6 11. dxc5 dxc5 12. Qxd8 Raxd8 13. Ngxe4 Ne5 14. Nxc5 Nf3+
15. Kh1 b6 16. Nb3 Ng5 17. Nd4 Rfe8 18. b3 Bh3 19. Bxh3 Nxh3 20. Kg2 Ng5 21.
Bb2 Ng4 22. Rad1 Rxe3 23. fxe3 Nxe3+ 24. Kf2 Re8 25. Nde2 Ng4+ 26. Kg2 Bxc3 27.
Nxc3 Ne3+ 28. Kh1 Nh3 29. Rde1 Kf8 30. Ba3+ Kg7 31. Rf3 Nc2 32. Rxe8 Nxa3 33.
Re2 a6 34. Rd3 b5 35. cxb5 axb5 36. Rd5 b4 37. Nb5 Nb1 38. Kg2 Nc3 39. Nxc3
bxc3 40. Kxh3 h5 41. a4 f6 42. a5 g5 43. a6 Kg6 44. a7 h4 45. a8=Q 1-0

[Event "51 C.I.S. Promozione Veneto 2"]
[Site "?"]
[Date "2019.03.16"]
[Round "2.3"]
[White "Cisco, Alberto"]
[Black "Righi, Francesco"]
[Result "0-1"]
[WhiteElo "1319"]
[BlackElo "1816"]
[PlyCount "102"]
[EventDate "2019.??.??"]
[WhiteTeam "Micha Promozione"]
[BlackTeam "I Leoncini del Perezz"]

1. e4 c5 2. Nf3 Nc6 3. d4 cxd4 4. Nxd4 Nf6 5. Nc3 d6 6. Be2 g6 7. Be3 Bg7 8.
Qd2 O-O 9. O-O-O Nxd4 10. Bxd4 Be6 11. Kb1 Rc8 12. f3 h5 13. h3 Re8 14. g4 Qa5
15. a3 a6 16. g5 Nd7 17. Bxg7 Kxg7 18. Qd4+ Qe5 19. f4 Qxd4 20. Rxd4 f5 21.
exf5 Bxf5 22. h4 b5 23. Bd3 Bxd3 24. Rxd3 Nb6 25. b3 Rf8 26. Rf1 Rf5 27. Kb2
Rcf8 28. Ne2 Kg8 29. Rd4 Rd5 30. Rfd1 Rdf5 31. Rf1 d5 32. Ng3 R5f7 33. Ne2 e5
34. Rb4 d4 35. c4 dxc3+ 36. Nxc3 Rxf4 37. Rbxf4 Rxf4 38. Rxf4 exf4 39. Ne4 Kf7
40. Kc2 Nd5 41. Kd2 Nc7 42. Nc5 Ke7 43. Kd3 Kd6 44. b4 Kd5 45. Nd7 Ke6 46. Nf8+
Kf5 47. Kd4 Nd5 48. Kd3 Ne3 49. Ke2 Nc4 50. Kf3 Nxa3 51. Nd7 Nc2 0-1

[Event "51 C.I.S. Promozione Veneto 2"]
[Site "?"]
[Date "2019.03.16"]
[Round "2.1"]
[White "Vedovato, Rudi"]
[Black "Fava, Giacomo"]
[Result "0-1"]
[WhiteElo "1759"]
[BlackElo "1440"]
[PlyCount "113"]
[EventDate "2019.??.??"]
[WhiteTeam "L'Alfiere"]
[BlackTeam "Valpolicella B"]

1. d4 d5 2. Nf3 c5 3. e3 e6 4. b3 Nc6 5. Bb2 Nf6 6. Nbd2 Bd7 7. Bd3 Be7 8. O-O
O-O 9. Ne5 a6 10. c4 dxc4 11. bxc4 cxd4 12. exd4 Be8 13. Ne4 Nxd4 14. Bxd4 Ba4
15. Bb6 Qxb6 16. Qxa4 Qd4 17. Nxf6+ Bxf6 18. Nd7 Qxd3 19. Rad1 Qe4 20. Nxf8
Kxf8 21. Rd7 b5 22. Qa3+ Kg8 23. cxb5 axb5 24. Qb3 h5 25. Qxb5 h4 26. Qb3 g5
27. Qf3 Qxf3 28. gxf3 Rxa2 29. h3 Ra3 30. Kg2 Kg7 31. Rb1 Ra2 32. Rbb7 Be5 33.
Rxf7+ Kg6 34. Rfd7 Bg3 35. Rd3 Rxf2+ 36. Kg1 Rh2 37. Rb4 Rxh3 38. Rg4 Rh2 39.
Rb3 Rd2 40. Rb6 Kf6 41. Rb5 Rd5 42. Rxd5 exd5 43. Kf1 Bf4 44. Rg2 h3 45. Rc2 h2
46. Kg2 Ke5 47. Rc8 Kd4 48. Rd8 Kc4 49. Rc8+ Kd3 50. Rd8 d4 51. Re8 Kd2 52. Rd8
d3 53. Re8 Be3 54. Kxh2 Ke2 55. Kg3 d2 56. Rd8 d1=Q 57. Rxd1 0-1

[Event "51 C.I.S. Promozione Veneto 2"]
[Site "?"]
[Date "2019.03.16"]
[Round "2.2"]
[White "Merzari, Nicola"]
[Black "Bressan, Stefano"]
[Result "0-1"]
[WhiteElo "1398"]
[BlackElo "1696"]
[PlyCount "110"]
[EventDate "2019.??.??"]
[WhiteTeam "Valpolicella B"]
[BlackTeam "L'Alfiere"]

1. e4 c5 2. Nf3 Nc6 3. Bc4 d6 4. c3 Nf6 5. d3 g6 6. O-O Bg7 7. Re1 Qc7 8. Bf4
Nh5 9. Qd2 Nxf4 10. Qxf4 O-O 11. Nbd2 a6 12. a3 e6 13. b4 Bxc3 14. Rab1 cxb4
15. axb4 Bxb4 16. Red1 b5 17. Ba2 Bc5 18. Qh4 Nd4 19. Kf1 Kg7 20. Qg3 Bb7 21.
h4 Bc6 22. h5 a5 23. Nxd4 Bxd4 24. Nf3 e5 25. Ke2 h6 26. Rh1 Qe7 27. hxg6 fxg6
28. Rbf1 Bd7 29. Rh2 Rh8 30. Rfh1 Raf8 31. Nxd4 exd4 32. Kd2 Qg5+ 33. Qxg5 hxg5
34. Rxh8 Rxh8 35. Rc1 Rc8 36. Rh1 b4 37. Rb1 Rc3 38. f3 Kf6 39. g4 Be6 40. Bxe6
Kxe6 41. Ra1 Ra3 42. Rb1 b3 43. Kc1 a4 44. Rb2 Ra1+ 45. Rb1 Rxb1+ 46. Kxb1 Ke5
47. Kb2 Kf4 48. Kb1 Kxf3 49. Kc1 Ke3 50. Kd1 Kxd3 51. Kc1 a3 52. Kb1 Kc3 53. e5
d3 54. exd6 d2 55. d7 d1=R# 0-1

[Event "51 C.I.S. Promozione Veneto 2"]
[Site "?"]
[Date "2019.03.16"]
[Round "2.3"]
[White "Bressan, Enos"]
[Black "Rizzi, Cristian"]
[Result "0-1"]
[WhiteElo "1353"]
[BlackElo "1398"]
[PlyCount "92"]
[EventDate "2019.??.??"]
[WhiteTeam "L'Alfiere"]
[BlackTeam "Valpolicella B"]

1. e4 e5 2. Nf3 Nc6 3. Bc4 Nf6 4. d3 Be7 5. Nc3 d6 6. d4 exd4 7. Nxd4 Bd7 8.
O-O O-O 9. Nf3 Bg4 10. Re1 Ne5 11. Be2 Qd7 12. h3 Bxf3 13. Bxf3 Nxf3+ 14. Qxf3
h6 15. Bf4 Rfe8 16. Rad1 Qc6 17. Qg3 Nh5 18. Qf3 Nxf4 19. Qxf4 Bg5 20. Qf3 Re5
21. Qg3 Ra5 22. Rd5 Rxd5 23. exd5 Qb6 24. b3 Bd2 25. Na4 Qd4 26. Rd1 b5 27. c3
Qxd5 28. Nb2 Re8 29. c4 bxc4 30. Nxc4 Re1+ 31. Rxe1 Bxe1 32. Ne3 Qd3 33. Qf3
Qb1 34. Qe2 Bd2+ 35. Nf1 Ba5 36. g3 Bb6 37. Kg2 Kf8 38. Ne3 Qe4+ 39. Kh2 d5 40.
Qd2 d4 41. Nc4 c5 42. Nxb6 axb6 43. a3 d3 44. Kg1 Qe2 45. Qe3 Qxe3 46. fxe3 d2
0-1

[Event "51 C.I.S. Promozione Veneto 2"]
[Site "?"]
[Date "2019.03.16"]
[Round "2.4"]
[White "Zanini, Mattia"]
[Black "Serea, Gabriele"]
[Result "0-1"]
[WhiteElo "1440"]
[BlackElo "1082"]
[PlyCount "112"]
[EventDate "2019.??.??"]
[WhiteTeam "Valpolicella B"]
[BlackTeam "L'Alfiere"]

1. e4 e5 2. Nf3 Nc6 3. Bc4 Bc5 4. Nc3 Nf6 5. d3 O-O 6. Bg5 Bb4 7. Bd2 d6 8. a3
Ba5 9. Ne2 Bxd2+ 10. Qxd2 Bg4 11. Qe3 d5 12. exd5 Nxd5 13. Bxd5 Qxd5 14. h3
Bxf3 15. Qxf3 Qxf3 16. gxf3 Rad8 17. O-O-O Rd6 18. f4 exf4 19. Nxf4 Rf6 20. Nd5
Rxf2 21. Nxc7 Nd4 22. Rd2 Rxd2 23. Kxd2 Rc8 24. c3 Rxc7 25. cxd4 f6 26. Re1 Kf7
27. Re4 Rd7 28. b4 Rd5 29. Kc3 b5 30. Kb3 f5 31. Rh4 Kg6 32. a4 a6 33. a5 h5
34. Rf4 Kg5 35. Rf2 Rxd4 36. Kc3 Rd7 37. Rg2+ Kh4 38. Rf2 Kxh3 39. Rxf5 Kg4 40.
Re5 h4 41. Re4+ Kg3 42. Re3+ Kg4 43. Re4+ Kg3 44. Re3+ Kf2 45. Kd2 Rf7 46. Re2+
Kg3 47. Re6 Rf6 48. Re5 Rg6 49. Re3+ Kg4 50. Re4+ Kh5 51. Re5+ Rg5 52. Re6 h3
53. Re8 Rg2+ 54. Ke3 h2 55. Kf3 Rb2 56. d4 h1=Q+ 0-1

[Event "51 C.I.S. Promozione Veneto 2"]
[Site "?"]
[Date "2019.03.16"]
[Round "3.1"]
[White "Merzari, Nicola"]
[Black "Furlato, Adriano"]
[Result "1-0"]
[WhiteElo "1398"]
[BlackElo "1440"]
[PlyCount "83"]
[EventDate "2019.??.??"]
[WhiteTeam "Valpolicella B"]
[BlackTeam "Scacchi Berici 1"]

1. e4 e5 2. Nf3 Nc6 3. Bc4 Nf6 4. Nc3 Bb4 5. Bb5 Qe7 6. Bxc6 dxc6 7. d3 Bg4 8.
Bd2 O-O 9. O-O Rad8 10. a3 Bc5 11. Na4 Nd7 12. Qe2 f5 13. Nxc5 Nxc5 14. Bg5
Qxg5 15. Nxg5 Bxe2 16. Rfe1 Bh5 17. b4 Na4 18. Ne6 Rde8 19. Nxf8 Rxf8 20. exf5
Rxf5 21. f3 Bg6 22. g4 Rxf3 23. Rxe5 Nc3 24. Rc5 Nd5 25. b5 Be8 26. Re1 Re3 27.
Rxe3 Nxe3 28. Re5 Nxc2 29. Rxe8+ Kf7 30. bxc6 bxc6 31. Rc8 a5 32. a4 Nb4 33.
Rxc7+ Kf6 34. Ra7 Nxd3 35. Rxa5 Nb4 36. Kf2 Ke6 37. Ke3 Kd6 38. Kd4 c5+ 39.
Rxc5 Nc6+ 40. Kc4 Ne5+ 41. Kb5 Nxg4 42. a5 1-0

[Event "51 C.I.S. Promozione Veneto 2"]
[Site "?"]
[Date "2019.03.16"]
[Round "3.2"]
[White "Pasin, Danilo"]
[Black "Popa, Elisa Sofia"]
[Result "1-0"]
[WhiteElo "1392"]
[BlackElo "1389"]
[PlyCount "101"]
[EventDate "2019.??.??"]
[WhiteTeam "Scacchi Berici 1"]
[BlackTeam "Valpolicella B"]

1. d4 d5 2. c4 Be6 3. cxd5 Bxd5 4. Nc3 e6 5. e4 Bc6 6. Nf3 Bb4 7. Qc2 Nf6 8.
Bd3 h6 9. O-O Nbd7 10. Re1 O-O 11. a3 Bxc3 12. bxc3 b6 13. h3 Bb7 14. Nh2 c5
15. Nf3 Qc7 16. Bb2 e5 17. d5 c4 18. Bf1 Ba6 19. Nd2 Qc5 20. a4 Rfc8 21. Re3 b5
22. Ba3 Qb6 23. Rb1 Qa5 24. Rb4 Rab8 25. Re1 Nc5 26. axb5 Qxa3 27. Nxc4 Qxb4
28. cxb4 Bxb5 29. bxc5 Rxc5 30. Qb3 Nd7 31. Qa2 Rbc8 32. Nd6 Rc2 33. Qxa7 R2c7
34. Nxc8 Rxa7 35. Nxa7 Bxf1 36. Kxf1 Nc5 37. f3 g5 38. Nc6 Nb7 39. Nxe5 f6 40.
Ng4 Kg7 41. Rc1 Kg6 42. Rc6 Kg7 43. Rc7+ Kg6 44. Rxb7 h5 45. d6 hxg4 46. d7
gxh3 47. gxh3 Kh5 48. d8=Q Kh4 49. Kg2 Kh5 50. Qh8+ Kg6 51. Rg7# 1-0

[Event "51 C.I.S. Promozione Veneto 2"]
[Site "?"]
[Date "2019.03.16"]
[Round "3.3"]
[White "Rizzi, Cristian"]
[Black "Biasiolo, Michele"]
[Result "0-1"]
[WhiteElo "1398"]
[BlackElo "1565"]
[PlyCount "100"]
[EventDate "2019.??.??"]
[WhiteTeam "Valpolicella B"]
[BlackTeam "Scacchi Berici 1"]

1. e4 e5 2. Nf3 Nc6 3. Bb5 Bc5 4. Bxc6 dxc6 5. Nxe5 Qd4 6. Ng4 Qxe4+ 7. Ne3 Nf6
8. Nc3 Qg6 9. d4 Bd6 10. g3 Bh3 11. d5 cxd5 12. Ncxd5 Nxd5 13. Nxd5 Qe4+ 14.
Qe2 Qxe2+ 15. Kxe2 Bg2 16. Rd1 Be4 17. c4 O-O-O 18. Bf4 Rhe8 19. Ne3 Bxf4 20.
gxf4 g6 21. Rxd8+ Rxd8 22. Rd1 Rxd1 23. Kxd1 Kd7 24. Kd2 c6 25. Kc3 a5 26. a3
b5 27. cxb5 cxb5 28. b4 axb4+ 29. axb4 Bf3 30. Kd4 Kd6 31. Nc2 Be2 32. Ke3 Bc4
33. Nd4 Kd5 34. f5 g5 35. h3 Ke5 36. f3 h6 37. Nc6+ Kxf5 38. Kd4 Bf1 39. Ne5
Bxh3 40. Nxf7 h5 41. Nd6+ Kf4 42. Nxb5 Kxf3 43. Nc3 Bf1 44. Ne4 g4 45. Nd2+ Kf2
46. Nxf1 Kxf1 47. b5 g3 48. Kc5 g2 49. Kc6 g1=Q 50. b6 Qxb6+ 0-1

[Event "51 C.I.S. Promozione Veneto 2"]
[Site "?"]
[Date "2019.03.16"]
[Round "3.4"]
[White "Pieropan, Giorgio"]
[Black "Mandora, Gabriele"]
[Result "1-0"]
[WhiteElo "1792"]
[BlackElo "1413"]
[PlyCount "121"]
[EventDate "2019.??.??"]
[WhiteTeam "Scacchi Berici 1"]
[BlackTeam "Valpolicella B"]

1. e4 e5 2. d4 exd4 3. c3 dxc3 4. Bc4 d6 5. Nxc3 Nf6 6. Nf3 Bg4 7. Qb3 Qe7 8.
Qxb7 Qd8 9. Qxa8 Be7 10. Bb5+ Bd7 11. Bxd7+ Nfxd7 12. Qxa7 O-O 13. Nd5 Nc6 14.
Qxc7 Qxc7 15. Nxc7 Nc5 16. O-O h6 17. Nd5 Re8 18. Nxe7+ Rxe7 19. Bf4 Re6 20.
Rad1 Nxe4 21. Nd4 Nxd4 22. Rxd4 f5 23. f3 Nf6 24. Rxd6 Re2 25. Rxf6 gxf6 26.
Rb1 Kf7 27. a4 Re8 28. b4 Ra8 29. a5 Ke8 30. Rc1 Kd7 31. Rc7+ Ke8 32. Rh7 Ra6
33. Kf2 Re6 34. Bc7 f4 35. Bb6 f5 36. b5 Re5 37. a6 Rxb5 38. Rb7 Rb2+ 39. Ke1
Ra2 40. a7 Kf8 41. Rb8+ Kf7 42. a8=Q Rxa8 43. Rxa8 Ke6 44. Ra5 Kd6 45. Kd2 Kc6
46. Rxf5 Kxb6 47. Kc3 Kc6 48. Kd4 Kb6 49. Kc4 Ka6 50. Kb4 Kb7 51. Rf6 Kc7 52.
Kc5 Kd7 53. Rxh6 Ke7 54. Kd5 Kf7 55. Ke5 Kg7 56. Ra6 Kf7 57. Rb6 Kg7 58. Kf5
Kh7 59. Kg5 Kh8 60. Kg6 Kg8 61. Rb8# 1-0

[Event "51 C.I.S. Promozione Veneto 2"]
[Site "?"]
[Date "2019.03.16"]
[Round "3.1"]
[White "Perryman, Marcus"]
[Black "Alba, Riccardo"]
[Result "1/2-1/2"]
[WhiteElo "1911"]
[BlackElo "1786"]
[PlyCount "32"]
[EventDate "2019.??.??"]
[WhiteTeam "I Leoncini del Perezz"]
[BlackTeam "L'Alfiere"]

1. e4 e5 2. Nf3 Nf6 3. Nxe5 d6 4. Nf3 Nxe4 5. Nc3 Nxc3 6. dxc3 Be7 7. Bd3 Nc6
8. Bf4 O-O 9. Qd2 Bg4 10. Nd4 Ne5 11. O-O Re8 12. Nf5 Bf6 13. Ne3 Bh5 14. Rfe1
Bg4 15. Nd5 Bh4 16. Bg3 Bxg3 1/2-1/2

[Event "51 C.I.S. Promozione Veneto 2"]
[Site "?"]
[Date "2019.03.16"]
[Round "3.2"]
[White "Bressan, Stefano"]
[Black "Righi, Francesco"]
[Result "0-1"]
[WhiteElo "1696"]
[BlackElo "1816"]
[PlyCount "72"]
[EventDate "2019.??.??"]
[WhiteTeam "L'Alfiere"]
[BlackTeam "I Leoncini del Perezz"]

1. e4 c5 2. Nf3 Nc6 3. d4 cxd4 4. Nxd4 Nf6 5. Nc3 d6 6. Be2 g6 7. Be3 Bg7 8.
Nb3 O-O 9. Qd2 Be6 10. Rd1 Ne5 11. O-O Nc4 12. Bxc4 Bxc4 13. Rfe1 a6 14. Bh6
Bxh6 15. Qxh6 b5 16. e5 Ng4 17. Qg5 Nxe5 18. Qh4 Qc7 19. Nd5 Bxd5 20. Rxd5 e6
21. Rd2 Nc4 22. Rd3 Nxb2 23. Rh3 h5 24. g4 Qd8 25. Qg3 Qg5 26. f4 Qxg4 27. Qxg4
hxg4 28. Rg3 Rac8 29. Nd4 Rc4 30. c3 Na4 31. Rxg4 Nxc3 32. Nxe6 fxe6 33. Rxg6+
Kh7 34. Rexe6 Rcxf4 35. Rh6+ Kg7 36. Rxd6 Rg4+ 0-1

[Event "51 C.I.S. Promozione Veneto 2"]
[Site "?"]
[Date "2019.03.16"]
[Round "3.3"]
[White "Bonini, Roberto"]
[Black "Bressan, Enos"]
[Result "1-0"]
[WhiteElo "1735"]
[BlackElo "1353"]
[PlyCount "43"]
[EventDate "2019.??.??"]
[WhiteTeam "I Leoncini del Perezz"]
[BlackTeam "L'Alfiere"]

1. e4 c5 2. Nf3 Nc6 3. d4 cxd4 4. Nxd4 d6 5. c4 Nf6 6. Nc3 g6 7. Be2 Bg7 8. Be3
O-O 9. O-O Re8 10. Qd2 Bd7 11. Rac1 e5 12. Ndb5 Re6 13. Rfd1 Bf8 14. c5 a6 15.
Nxd6 Rb8 16. Bc4 Re7 17. Bg5 Bg7 18. Nd5 Be6 19. Nxf6+ Bxf6 20. Bxf6 Bxc4 21.
Rxc4 Qd7 22. Qh6 1-0

[Event "51 C.I.S. Promozione Veneto 2"]
[Site "?"]
[Date "2019.03.16"]
[Round "3.4"]
[White "Serea, Gabriele"]
[Black "Adami, Antonio"]
[Result "0-1"]
[WhiteElo "1082"]
[BlackElo "1787"]
[PlyCount "108"]
[EventDate "2019.??.??"]
[WhiteTeam "L'Alfiere"]
[BlackTeam "I Leoncini del Perezz"]

1. e4 Nf6 2. Nc3 d5 3. e5 Ne4 4. Nf3 Nxc3 5. bxc3 e6 6. d4 c5 7. Bb5+ Bd7 8.
Bxd7+ Nxd7 9. O-O Qa5 10. Bd2 c4 11. Ng5 h6 12. Qh5 g6 13. Qh3 Be7 14. Nf3
O-O-O 15. a3 Rdg8 16. Kh1 g5 17. g4 Rh7 18. Rg1 Rgh8 19. Qh5 Nf8 20. Ne1 Ng6
21. Ng2 Nh4 22. Nxh4 gxh4 23. f4 Qa4 24. Ra2 Qb5 25. f5 exf5 26. gxf5 Qc6 27.
f6 Bd8 28. Qxh4 Qe6 29. Rg7 Qf5 30. Qg4 Qxg4 31. Rxg4 Kd7 32. Ra1 h5 33. Rg7
Ba5 34. Rag1 Ke6 35. Rxh7 Rxh7 36. Rg7 Rh8 37. Kg2 b6 38. Kg3 b5 39. Kh4 Bb6
40. Rg5 Ba5 41. Rxh5 Rg8 42. h3 Rg2 43. Bf4 Bxc3 44. Rg5 Rxc2 45. Rg1 Bxd4 46.
Rg5 Re2 47. Kg4 Rg2+ 48. Bg3 Bf2 49. Kf4 Rxg3 50. Rxg3 Bxg3+ 51. Kxg3 c3 52. h4
c2 53. h5 c1=Q 54. Kg4 Kxe5 0-1

[Event "51 C.I.S. Promozione Veneto 2"]
[Site "?"]
[Date "2019.03.16"]
[Round "3.1"]
[White "Kurylovich, Alena"]
[Black "Scandiuzzi, Roberto"]
[Result "1-0"]
[WhiteElo "1632"]
[BlackElo "1303"]
[PlyCount "65"]
[EventDate "2019.??.??"]
[WhiteTeam "I Cavalli del Battinelli"]
[BlackTeam "Micha Promozione"]

1. c4 e6 2. Nc3 Bb4 3. Qc2 Bxc3 4. Qxc3 b6 5. Qxg7 Qf6 6. Qxf6 Nxf6 7. b3 Rf8
8. Bb2 Ng8 9. Bg7 Bb7 10. Bxf8 Kxf8 11. f4 d5 12. Nf3 dxc4 13. bxc4 Nd7 14. e3
Nc5 15. Be2 Rd8 16. d4 Ne4 17. Rd1 h6 18. O-O Ngf6 19. Ne5 Ke7 20. f5 Rg8 21.
fxe6 fxe6 22. Rf4 Ng3 23. hxg3 Rxg3 24. Bf3 Bxf3 25. Rxf3 Ne4 26. Rf7+ Ke8 27.
Rdf1 Nd6 28. Rxc7 Nf5 29. Rf3 Rg5 30. Rxa7 Nh4 31. Ra8+ Ke7 32. Rf7+ Kd6 33.
Rd7# 1-0

[Event "51 C.I.S. Promozione Veneto 2"]
[Site "?"]
[Date "2019.03.16"]
[Round "3.2"]
[White "Schiavo, Pierluca"]
[Black "Curto, Carlo Alberto"]
[Result "0-1"]
[WhiteElo "1440"]
[BlackElo "1577"]
[PlyCount "104"]
[EventDate "2019.??.??"]
[WhiteTeam "Micha Promozione"]
[BlackTeam "I Cavalli del Battinelli"]

1. Nf3 d5 2. e4 dxe4 3. Ng5 Nf6 4. d3 h6 5. Nxe4 Nxe4 6. dxe4 Qxd1+ 7. Kxd1 Nc6
8. Nc3 Be6 9. f4 O-O-O+ 10. Ke1 Nb4 11. Kf2 Nxc2 12. Rb1 g6 13. b3 Bg7 14. Bb2
Nb4 15. Ba3 Bxc3 16. Rc1 Nxa2 17. Rc2 Rd2+ 18. Rxd2 Bxd2 19. Bxe7 Bxb3 20. g3
Re8 21. Bf6 Rxe4 22. Bh3+ Be6 23. Bg2 Rc4 24. Ke2 Bc3 25. Bxc3 Nxc3+ 26. Kd3
Nb5 27. h3 Rd4+ 28. Ke3 f5 29. Rb1 a6 30. Rxb5 axb5 31. Kxd4 b6 32. Kc3 c5 33.
Bc6 b4+ 34. Kb2 Bf7 35. Bf3 Kc7 36. g4 fxg4 37. Bxg4 c4 38. f5 gxf5 39. Bxf5
Kd6 40. Bc2 Kd5 41. h4 Kd4 42. Bd1 Kd3 43. Kc1 c3 44. h5 Ba2 45. Bc2+ Ke3 46.
Kd1 b3 47. Bg6 b5 48. Bc2 bxc2+ 49. Kc1 Kf4 50. Kxc2 b4 51. Kd3 Kg5 52. Kc2
Kxh5 0-1

[Event "51 C.I.S. Promozione Veneto 2"]
[Site "?"]
[Date "2019.03.16"]
[Round "3.3"]
[White "Scagliarini, Gennaro"]
[Black "Cisco, Alberto"]
[Result "1-0"]
[WhiteElo "1579"]
[BlackElo "1319"]
[PlyCount "85"]
[EventDate "2019.??.??"]
[WhiteTeam "I Cavalli del Battinelli"]
[BlackTeam "Micha Promozione"]

1. d4 d5 2. Nf3 Nc6 3. e3 Nf6 4. Bd3 g6 5. c3 Bg7 6. O-O O-O 7. Re1 Re8 8. Nbd2
e5 9. dxe5 Nxe5 10. Nxe5 Rxe5 11. Nf1 Qd6 12. Ng3 Bd7 13. e4 Rae8 14. Bf4 Nh5
15. Bxe5 Rxe5 16. Qb3 Nxg3 17. fxg3 dxe4 18. Bc4 Qc5+ 19. Kh1 Rf5 20. Rf1 b5
21. Bxf7+ Kh8 22. Be6 Bxe6 23. Qxe6 Qf8 24. Rxf5 gxf5 25. Rf1 h6 26. Rxf5 Qd8
27. Rd5 Qf8 28. Kg1 b4 29. Qd7 Kh7 30. Qf5+ Qxf5 31. Rxf5 bxc3 32. bxc3 Kg6 33.
Rc5 Bf6 34. Rxc7 a5 35. Kf2 a4 36. Ke3 Kf5 37. c4 Bg5+ 38. Ke2 Ke5 39. Ra7 Kd4
40. Rxa4 Kc5 41. Ra5+ Kxc4 42. Rxg5 hxg5 43. Ke3 1-0

[Event "51 C.I.S. Promozione Veneto 2"]
[Site "?"]
[Date "2019.03.17"]
[Round "4.1"]
[White "Ghiotto, Marco Luigi"]
[Black "Cannella, Jacopo"]
[Result "1-0"]
[WhiteElo "1998"]
[BlackElo "1240"]
[PlyCount "171"]
[EventDate "2019.??.??"]
[WhiteTeam "Scacchi Berici 1"]
[BlackTeam "Micha Promozione"]

1. d4 d5 2. c4 e6 3. Nf3 Nf6 4. g3 c6 5. Bg2 Nbd7 6. O-O Be7 7. Nfd2 O-O 8. Nc3
e5 9. dxe5 Nxe5 10. cxd5 cxd5 11. Nb3 Be6 12. Bg5 Qd6 13. Bxf6 Bxf6 14. Nxd5
Bxd5 15. Qxd5 Qxd5 16. Bxd5 Rab8 17. Rac1 Rfd8 18. Rfd1 Nc6 19. Bxc6 Rxd1+ 20.
Rxd1 bxc6 21. Rd2 Rb7 22. e3 g6 23. Kf1 Kf8 24. Ke2 Ke7 25. Nd4 c5 26. Nc6+ Ke6
27. b3 Rc7 28. Nb8 Rc8 29. Nd7 Be7 30. f4 f6 31. e4 Rc7 32. g4 Bd6 33. Nxf6
Bxf4 34. Nd5 Rf7 35. Rc2 Kd6 36. h3 Be5 37. b4 Bd4 38. bxc5+ Bxc5 39. Kd3 Rf3+
40. Kc4 Bb6 41. Nxb6 axb6 42. Kd4 Rf4 43. Rb2 b5 44. Rxb5 Rf2 45. e5+ Ke6 46.
Rb6+ Ke7 47. a4 Ra2 48. Kd5 Rd2+ 49. Ke4 Ra2 50. Ra6 Re2+ 51. Kf4 Rf2+ 52. Kg5
Re2 53. Ra7+ Ke6 54. Rxh7 Rxe5+ 55. Kxg6 Ra5 56. Rf7 Rxa4 57. g5 Rh4 58. Rf3
Rh8 59. Kg7 Rh5 60. g6 Rg5 61. h4 Rh5 62. Rf4 Ra5 63. Kg8 Ra8+ 64. Kh7 Ra7+ 65.
g7 Ke5 66. Rf8 Ra4 67. g8=Q Rxh4+ 68. Kg6 Rg4+ 69. Kh5 Rxg8 70. Rxg8 Kd4 71.
Kg5 Kd5 72. Kf5 Kd4 73. Rd8+ Kc4 74. Ke5 Kc3 75. Rc8+ Kd3 76. Rc7 Kd2 77. Kd4
Ke2 78. Ke4 Kd2 79. Rc4 Ke2 80. Rc2+ Kd1 81. Kd3 Ke1 82. Ke3 Kf1 83. Rb2 Kg1
84. Kf3 Kh1 85. Kg3 Kg1 86. Rb1# 1-0

[Event "51 C.I.S. Promozione Veneto 2"]
[Site "?"]
[Date "2019.03.17"]
[Round "4.2"]
[White "Intorcia, Michele"]
[Black "Pasin, Mattia"]
[Result "0-1"]
[WhiteElo "1192"]
[BlackElo "1851"]
[PlyCount "70"]
[EventDate "2019.??.??"]
[WhiteTeam "Micha Promozione"]
[BlackTeam "Scacchi Berici 1"]

1. e4 c5 2. Nc3 Nc6 3. Bb5 d6 4. Nge2 Bd7 5. d4 cxd4 6. Nxd4 e5 7. Nb3 a6 8.
Be2 Be7 9. Nd5 Nf6 10. Nxe7 Qxe7 11. O-O Nxe4 12. f4 O-O 13. Bf3 Nf6 14. fxe5
dxe5 15. Be3 e4 16. Be2 Rad8 17. Bc5 Qe5 18. Bxf8 Kxf8 19. c3 Bh3 20. Qxd8+
Nxd8 21. gxh3 Ne6 22. Rad1 Nf4 23. Bg4 Nxg4 24. hxg4 Qg5 25. Kh1 Qxg4 26. Rxf4
Qxf4 27. Nd4 e3 28. Re1 Qf2 29. Rg1 e2 30. Nc2 h5 31. b4 h4 32. a4 Qf3+ 33. Rg2
h3 34. Ne1 hxg2+ 35. Kg1 Qf1# 0-1

[Event "51 C.I.S. Promozione Veneto 2"]
[Site "?"]
[Date "2019.03.17"]
[Round "4.3"]
[White "Pasin, Danilo"]
[Black "Andreose, Pietro"]
[Result "1-0"]
[WhiteElo "1392"]
[BlackElo "1341"]
[PlyCount "39"]
[EventDate "2019.??.??"]
[WhiteTeam "Scacchi Berici 1"]
[BlackTeam "Micha Promozione"]

1. d4 g6 2. c4 Bg7 3. Nc3 d6 4. e4 c5 5. dxc5 dxc5 6. Qxd8+ Kxd8 7. Nf3 Nc6 8.
a3 b6 9. Be3 Ba6 10. Be2 Kc7 11. Rd1 Nf6 12. Nb5+ Bxb5 13. cxb5 Nd8 14. Bf4+
Kc8 15. Be5 Nb7 16. Bc4 e6 17. Ng5 Nd8 18. Nxf7 Nh5 19. Bxg7 Nxg7 20. Nxh8 1-0

[Event "51 C.I.S. Promozione Veneto 2"]
[Site "?"]
[Date "2019.03.17"]
[Round "4.4"]
[White "Cisco, Alberto"]
[Black "Biasiolo, Michele"]
[Result "1-0"]
[WhiteElo "1319"]
[BlackElo "1565"]
[PlyCount "141"]
[EventDate "2019.??.??"]
[WhiteTeam "Micha Promozione"]
[BlackTeam "Scacchi Berici 1"]

1. e4 e5 2. Nf3 Nc6 3. Bc4 Bc5 4. c3 Nf6 5. d4 exd4 6. cxd4 Bb4+ 7. Bd2 Bxd2+
8. Nbxd2 O-O 9. d5 Ne7 10. O-O d6 11. Re1 Bg4 12. h3 Bd7 13. Rc1 Ng6 14. Nf1
Re8 15. Ng3 a5 16. a4 h6 17. Qb3 b6 18. Bb5 Ra7 19. Rc2 Bxb5 20. Qxb5 Nd7 21.
Nd4 Rb7 22. b4 axb4 23. Qxb4 Nc5 24. Nc6 Qd7 25. Qd4 f6 26. Rb2 Ra8 27. Ra2 Qe8
28. f3 Ne5 29. Nf5 Nxc6 30. dxc6 Rba7 31. Qc4+ Kh7 32. Rea1 Qe6 33. Qc2 Qb3 34.
Nd4 Qxc2 35. Nxc2 Rxa4 36. Rxa4 Rxa4 37. Rxa4 Nxa4 38. Nd4 Nc5 39. Nb5 Na6 40.
Kf2 Kg6 41. Ke3 Kf7 42. Kf4 g6 43. h4 h5 44. g3 Ke7 45. g4 hxg4 46. fxg4 Kf7
47. h5 Nb4 48. Nxd6+ Ke6 49. h6 Nxc6 50. h7 g5+ 51. Ke3 cxd6 52. h8=Q b5 53.
Qe8+ Ne7 54. Qxb5 d5 55. Qb6+ Ke5 56. Qb8+ Ke6 57. exd5+ Nxd5+ 58. Kf3 Ne7 59.
Qb3+ Kd6 60. Qb6+ Ke5 61. Qe3+ Kd6 62. Qd4+ Ke6 63. Ke4 Kf7 64. Qc4+ Kf8 65.
Qe6 Ng8 66. Kf5 Ne7+ 67. Kxf6 Ng8+ 68. Kxg5 Kg7 69. Qd7+ Kh8 70. Kg6 Ne7+ 71.
Qxe7 1-0